000 00257nam a2200109Ia 4500
008 201216s9999 xx 000 0 und d
100 _aRandier, Jean
245 0 _aMarine Navigation Instruments
260 _aLondon
_bJohn Murray
300 _a219
942 _cBK
999 _c6245
_d6245